000 00827nam a22002777a 4500
008 130618b xxu||||| |||| 00| 0 eng d
020 _a978-81-317-2232-9
024 _cAvailable
037 _cAvailable
040 _aMBSTU LIBRARY
_dMBSTU LIBRARY
082 _222
_a579 TOM
100 _aTortora, Gerard J.
110 _aBerdell R Funke and Christine L Case.
245 _aMicrobiology: an introduction.
250 _a9th
260 _aSouth Asia
_bPearson Education.
_c2007
300 _a28 cm.
_bxxvi, 958 page
_f3
_g28 cm.
600 _2Microbiology.
650 _2Microbiology.
700 _aTortora, Gerard J.
710 _aBerdell R Funke and Christine L Case.
270 _aSouth Asia
_bSouth Asia
_dSouth Asia
365 _b6793.00
_d6793.00
942 _2ddc
_cBK
999 _c495
_d495